Tracks on Album #16: ...And Justice for All - Statistics

General Stats
  • This quiz has been taken 23 times
  • The average score is 8 of 9
Answer Stats
Track No. Answer % Correct
2 ...And Justice for All
100%
1 Blackened
95%
4 One
95%
6 Harvester of Sorrow
91%
9 Dyers Eve
86%
5 The Shortest Straw
82%
7 The Frayed Ends of Sanity
77%
8 To Live Is to Die
77%
3 Eye of the Beholder
73%
No matching quizzes found
Score Distribution
Percent of People with Each Score
Percentile by Number Answered
Your Score History
You have not taken this quiz